000 00387nam a22001577a 4500
003 OSt
005 20211118143042.0
008 211118b |||||||| |||| 00| 0 eng d
020 _a1-56676-782-2
040 _cHawassa university
050 _a664/INN
082 _a664/INN
245 _aInnovations in food processing
260 _aBoca raton
_bCRC press
_c2000
942 _2ddc
_cBOOKS
_n0
999 _c19043
_d19043